Administración de personal./ (Registro nro. 9032)
[ vista simple ]
| 000 -LEADER | |
|---|---|
| fixed length control field | 01560nam a2200205Ia 4500 |
| 005 - FECHA Y HORA DE LA ÚLTIMA TRANSACCIÓN | |
| control field | 20250606135401.0 |
| 008 - FIXED-LENGTH DATA ELEMENTS--GENERAL INFORMATION | |
| fixed length control field | 230823s9999 xx 000 0 und d |
| 020 ## - INTERNATIONAL STANDARD BOOK NUMBER | |
| International Standard Book Number | 9684444885 |
| 040 ## - CATALOGING SOURCE | |
| Original cataloging agency | UPAN |
| Transcribing agency | Biblioteca San Vicente |
| Description conventions | RCAA2 |
| 041 ## - LANGUAGE CODE | |
| Language code of text/sound track or separate title | spa |
| 082 ## - DEWEY DECIMAL CLASSIFICATION NUMBER | |
| Classification number | 658.3 |
| Item number | D477a |
| año de publicación | 2001 |
| 100 ## - MAIN ENTRY--PERSONAL NAME | |
| Personal name | Dessler, Gary |
| Relator code | aut. |
| 245 #0 - TITLE STATEMENT | |
| Title | Administración de personal./ |
| Remainder of title | Gary Dessler |
| 250 ## - EDITION STATEMENT | |
| Edition statement | 8° ed. |
| 260 ## - PUBLICATION, DISTRIBUTION, ETC. (IMPRINT) | |
| Place of publication, distribution, etc | s.l: |
| Name of publisher, distributor, etc | Pearson, |
| Date of publication, distribution, etc | 2001 |
| 300 ## - PHYSICAL DESCRIPTION | |
| Extent | 700 p.; |
| Dimensions | 26 cm. |
| 505 ## - FORMATTED CONTENTS NOTE | |
| Formatted contents note | Parte 1. Introducción<br/>1. El papel estratégico de la administración personal<br/>2. Las leyes y la igualdad de oportunidades <br/>Parte II. Reclutamiento y contratación<br/>3. El análisis de puestos <br/>4. Planeación y reclutamiento de personal<br/>5. Las pruebas y la selección de empleados<br/>6. Cómo entrevistar a los candidatos <br/>Parte III. Capacitación y desarrollo<br/>7. Capacitación y desarrollo de empleados<br/>8. Cómo administrar la renovación de la organización <br/>9. Evaluación del desempeño <br/>10. La administración de las carreras y el trato justo<br/>Parte IV. Las compensaciones <br/>11. Cómo establecer planes salariales <br/>12. Retribución por desempeño e incentivos económicos <br/>13. Prestaciones y servicios <br/>Parte V. Relaciones laborales y seguridad de los empleados<br/>14. Las relaciones laborales y las negociaciones colectivas<br/>15. La seguridad y la salud de los empleados <br/>Parte VI. La administración de personal internacional<br/>16. Administración de personal en una empresa internacional |
| 650 ## - SUBJECT ADDED ENTRY--TOPICAL TERM | |
| Source of heading or term | LEMB |
| Topical term or geographic name as entry element | Recursos Humanos |
| General subdivision | Administración |
| 942 ## - ADDED ENTRY ELEMENTS (KOHA) | |
| Koha item type | Libros |
| Source of classification or shelving scheme | Dewey Decimal Classification |
| Withdrawn status | Lost status | Source of classification or shelving scheme | Damaged status | Not for loan | Collection code | Home library | Current library | Date acquired | Total Checkouts | Full call number | Barcode | Date last seen | Copy number | Price effective from | Koha item type |
|---|---|---|---|---|---|---|---|---|---|---|---|---|---|---|---|
| Dewey Decimal Classification | Colección General | Biblioteca UPAN San Vicente | Biblioteca UPAN San Vicente | 23/08/2023 | 658.3 D477a | 12001694 | 23/08/2023 | 01 | 23/08/2023 | Libros |